000
00314nam a22001337a 4500
999
_c
529003
_d
529003
003
NUST
038
_a
MSOHAIL
082
_a
0
100
_a
Dept of Transportation
_9
20860
245
_a
Calculation of Road Traffice Noise
260
_a
London
_b
HMSO Publication
_c
1988
300
_a
94,.p.
_c
25cm
942
_2
ddc
_c
BK